<?xml version="1.0" encoding="UTF-8"?>
<collection xmlns="http://www.loc.gov/MARC21/slim">
 <record>
  <leader>02721nam a22003257a 4500</leader>
  <controlfield tag="001">NCT_138984</controlfield>
  <controlfield tag="008">220630b        xxu||||| |||| 00| 0 vie d</controlfield>
  <datafield tag="999" ind1=" " ind2=" ">
   <subfield code="c">7171</subfield>
   <subfield code="d">7171</subfield>
  </datafield>
  <datafield tag="020" ind1=" " ind2=" ">
   <subfield code="c">30000</subfield>
   <subfield code="a">9786049190728</subfield>
  </datafield>
  <datafield tag="082" ind1="0" ind2="4">
   <subfield code="2">23rd ed.</subfield>
   <subfield code="a">809.89</subfield>
   <subfield code="b">Th523</subfield>
  </datafield>
  <datafield tag="100" ind1="1" ind2=" ">
   <subfield code="a">Lê Ngọc Thuý</subfield>
  </datafield>
  <datafield tag="245" ind1="1" ind2="0">
   <subfield code="a">Giáo trình văn học Châu Âu :</subfield>
   <subfield code="b">Phần Tây Âu từ cổ đại đến nữa đầu thế kỷ XX</subfield>
   <subfield code="c">Lê Ngọc Thuý, Trần Thị Nâu</subfield>
  </datafield>
  <datafield tag="260" ind1=" " ind2=" ">
   <subfield code="a">Cần Thơ</subfield>
   <subfield code="b">Đại học Cần Thơ</subfield>
   <subfield code="c">2014</subfield>
  </datafield>
  <datafield tag="300" ind1=" " ind2=" ">
   <subfield code="a">199 tr.</subfield>
   <subfield code="b">Minh họa</subfield>
   <subfield code="c">24cm</subfield>
  </datafield>
  <datafield tag="504" ind1=" " ind2=" ">
   <subfield code="a">Sách có danh mục tài liệu tham khảo</subfield>
  </datafield>
  <datafield tag="520" ind1="3" ind2=" ">
   <subfield code="a">Giáo trình giới thiệu khái quát về văn học Châu Âu cổ đại, văn học thời trung cổ, văn học thế kỷ XVI, XVII, XVIII, XIX, và nửa đầu thế kỷ XX. Giáo trình sẽ giúp người đọc hiểu thêm các dòng văn học kinh điển của Châu Âu trải qua các thế kỷ... </subfield>
  </datafield>
  <datafield tag="653" ind1=" " ind2=" ">
   <subfield code="a">Quan hệ công chúng</subfield>
  </datafield>
  <datafield tag="700" ind1="1" ind2=" ">
   <subfield code="a">Trần Thị Nâu</subfield>
  </datafield>
  <datafield tag="942" ind1=" " ind2=" ">
   <subfield code="2">ddc</subfield>
   <subfield code="c">BK</subfield>
  </datafield>
  <datafield tag="952" ind1=" " ind2=" ">
   <subfield code="0">0</subfield>
   <subfield code="1">0</subfield>
   <subfield code="2">ddc</subfield>
   <subfield code="4">0</subfield>
   <subfield code="6">809_890000000000000_TH523</subfield>
   <subfield code="7">0</subfield>
   <subfield code="9">25593</subfield>
   <subfield code="a">000001</subfield>
   <subfield code="b">000001</subfield>
   <subfield code="d">2022-07-13</subfield>
   <subfield code="o">809.89 Th523</subfield>
   <subfield code="p">MD.20146</subfield>
   <subfield code="r">2022-07-13</subfield>
   <subfield code="v">30000.00</subfield>
   <subfield code="w">2022-07-13</subfield>
   <subfield code="y">BK</subfield>
  </datafield>
  <datafield tag="952" ind1=" " ind2=" ">
   <subfield code="0">0</subfield>
   <subfield code="1">0</subfield>
   <subfield code="2">ddc</subfield>
   <subfield code="4">0</subfield>
   <subfield code="6">809_890000000000000_TH523</subfield>
   <subfield code="7">0</subfield>
   <subfield code="9">25594</subfield>
   <subfield code="a">000001</subfield>
   <subfield code="b">000001</subfield>
   <subfield code="d">2022-07-13</subfield>
   <subfield code="o">809.89 Th523</subfield>
   <subfield code="p">MD.20147</subfield>
   <subfield code="r">2022-07-13</subfield>
   <subfield code="v">30000.00</subfield>
   <subfield code="w">2022-07-13</subfield>
   <subfield code="y">BK</subfield>
  </datafield>
  <datafield tag="952" ind1=" " ind2=" ">
   <subfield code="0">0</subfield>
   <subfield code="1">0</subfield>
   <subfield code="2">ddc</subfield>
   <subfield code="4">0</subfield>
   <subfield code="6">809_890000000000000_TH523</subfield>
   <subfield code="7">0</subfield>
   <subfield code="9">25595</subfield>
   <subfield code="a">000001</subfield>
   <subfield code="b">000001</subfield>
   <subfield code="d">2022-07-13</subfield>
   <subfield code="o">809.89 Th523</subfield>
   <subfield code="p">MD.20148</subfield>
   <subfield code="r">2022-07-13</subfield>
   <subfield code="v">30000.00</subfield>
   <subfield code="w">2022-07-13</subfield>
   <subfield code="y">BK</subfield>
  </datafield>
  <datafield tag="952" ind1=" " ind2=" ">
   <subfield code="0">0</subfield>
   <subfield code="1">0</subfield>
   <subfield code="2">ddc</subfield>
   <subfield code="4">0</subfield>
   <subfield code="6">809_890000000000000_TH523</subfield>
   <subfield code="7">0</subfield>
   <subfield code="9">25596</subfield>
   <subfield code="a">000001</subfield>
   <subfield code="b">000001</subfield>
   <subfield code="d">2022-07-13</subfield>
   <subfield code="o">809.89 Th523</subfield>
   <subfield code="p">MD.20149</subfield>
   <subfield code="r">2022-07-13</subfield>
   <subfield code="v">30000.00</subfield>
   <subfield code="w">2022-07-13</subfield>
   <subfield code="y">BK</subfield>
  </datafield>
  <datafield tag="952" ind1=" " ind2=" ">
   <subfield code="0">0</subfield>
   <subfield code="1">0</subfield>
   <subfield code="2">ddc</subfield>
   <subfield code="4">0</subfield>
   <subfield code="6">809_890000000000000_TH523</subfield>
   <subfield code="7">0</subfield>
   <subfield code="9">25597</subfield>
   <subfield code="a">000001</subfield>
   <subfield code="b">000001</subfield>
   <subfield code="d">2022-07-13</subfield>
   <subfield code="o">809.89 Th523</subfield>
   <subfield code="p">MD.20150</subfield>
   <subfield code="r">2022-07-13</subfield>
   <subfield code="v">30000.00</subfield>
   <subfield code="w">2022-07-13</subfield>
   <subfield code="y">BK</subfield>
  </datafield>
  <datafield tag="952" ind1=" " ind2=" ">
   <subfield code="0">0</subfield>
   <subfield code="1">0</subfield>
   <subfield code="2">ddc</subfield>
   <subfield code="4">0</subfield>
   <subfield code="6">809_890000000000000_TH523</subfield>
   <subfield code="7">0</subfield>
   <subfield code="9">25598</subfield>
   <subfield code="a">000001</subfield>
   <subfield code="b">000001</subfield>
   <subfield code="d">2022-07-13</subfield>
   <subfield code="o">809.89 Th523</subfield>
   <subfield code="p">MD.20151</subfield>
   <subfield code="r">2022-07-13</subfield>
   <subfield code="v">30000.00</subfield>
   <subfield code="w">2022-07-13</subfield>
   <subfield code="y">BK</subfield>
  </datafield>
  <datafield tag="952" ind1=" " ind2=" ">
   <subfield code="0">0</subfield>
   <subfield code="1">0</subfield>
   <subfield code="2">ddc</subfield>
   <subfield code="4">0</subfield>
   <subfield code="6">809_890000000000000_TH523</subfield>
   <subfield code="7">0</subfield>
   <subfield code="9">25599</subfield>
   <subfield code="a">000001</subfield>
   <subfield code="b">000001</subfield>
   <subfield code="d">2022-07-13</subfield>
   <subfield code="o">809.89 Th523</subfield>
   <subfield code="p">MD.20152</subfield>
   <subfield code="r">2022-07-13</subfield>
   <subfield code="v">30000.00</subfield>
   <subfield code="w">2022-07-13</subfield>
   <subfield code="y">BK</subfield>
  </datafield>
  <datafield tag="952" ind1=" " ind2=" ">
   <subfield code="0">0</subfield>
   <subfield code="1">0</subfield>
   <subfield code="2">ddc</subfield>
   <subfield code="4">0</subfield>
   <subfield code="6">809_890000000000000_TH523</subfield>
   <subfield code="7">0</subfield>
   <subfield code="9">25600</subfield>
   <subfield code="a">000001</subfield>
   <subfield code="b">000001</subfield>
   <subfield code="d">2022-07-13</subfield>
   <subfield code="o">809.89 Th523</subfield>
   <subfield code="p">MD.20153</subfield>
   <subfield code="r">2022-07-13</subfield>
   <subfield code="v">30000.00</subfield>
   <subfield code="w">2022-07-13</subfield>
   <subfield code="y">BK</subfield>
  </datafield>
  <datafield tag="952" ind1=" " ind2=" ">
   <subfield code="0">0</subfield>
   <subfield code="1">0</subfield>
   <subfield code="2">ddc</subfield>
   <subfield code="4">0</subfield>
   <subfield code="6">809_890000000000000_TH523</subfield>
   <subfield code="7">0</subfield>
   <subfield code="9">25601</subfield>
   <subfield code="a">000001</subfield>
   <subfield code="b">000001</subfield>
   <subfield code="d">2022-07-13</subfield>
   <subfield code="o">809.89 Th523</subfield>
   <subfield code="p">MD.20154</subfield>
   <subfield code="r">2022-07-13</subfield>
   <subfield code="v">30000.00</subfield>
   <subfield code="w">2022-07-13</subfield>
   <subfield code="y">BK</subfield>
  </datafield>
  <datafield tag="952" ind1=" " ind2=" ">
   <subfield code="0">0</subfield>
   <subfield code="1">0</subfield>
   <subfield code="2">ddc</subfield>
   <subfield code="4">0</subfield>
   <subfield code="6">809_890000000000000_TH523</subfield>
   <subfield code="7">0</subfield>
   <subfield code="9">25602</subfield>
   <subfield code="a">000001</subfield>
   <subfield code="b">000001</subfield>
   <subfield code="d">2022-07-13</subfield>
   <subfield code="o">809.89 Th523</subfield>
   <subfield code="p">MD.20155</subfield>
   <subfield code="r">2022-07-13</subfield>
   <subfield code="v">30000.00</subfield>
   <subfield code="w">2022-07-13</subfield>
   <subfield code="y">BK</subfield>
  </datafield>
  <datafield tag="980" ind1=" " ind2=" ">
   <subfield code="a">Thư viện Trường Đại học Nam Cần Thơ</subfield>
  </datafield>
 </record>
</collection>
